000 00506nam a2200193Ia 4500
005 20250423100734.0
008 250422s9999 xx 000 0 und d
020 _a97812920222338
050 _aHD 62.15 .G64/
100 _aGoetsch, David L.
245 0 _aQuality management for organizational excellence : introduction to total quality
250 _a7th ed.
260 _aHarlow
260 _bPearson
260 _c2014
300 _a468 p
650 _aTotal quality management.
942 _cBK
999 _c34200
_d34200